| 000 | 00466nam a22001457a 4500 | ||
|---|---|---|---|
| 090 | _c | ||
| 008 | 090201t xxu||||| |||| 00| 0 eng d | ||
| 020 | _a0727725963 | ||
| 082 |
_222 _a624.0684 _bGAN |
||
| 245 |
_a Building innovation : _bcomplex constructs in a changing world / _cDavid M. Gann. |
||
| 260 |
_aLondon : _bT. Telford, _c2000 |
||
| 300 |
_axvii, 257 p. : _b ill. ; _c 26 cm. |
||
| 504 | _a Includes bibliographical references and index | ||
| 942 |
_2ddc _cBB |
||
| 999 |
_c10566 _d10566 |
||